000 00681nam a2200277Ia 4500
005 20260324130732.0
008 008 260324s9999 xx 000 0 eng d
020 _a9781351126571
037 _aEBOOK
040 _aCRL
040 _beng
040 _cCRL
041 _2eng
041 _aeng
084 _qCRL
100 _aMatt Perry
_91091502
245 0 _aPrisoners of Want: The Experience and Protest of the Unemployed in France, 1921-45
260 _bTaylor and Francis
260 _c2007
365 _a
365 _b230
856 _uhttp://www.taylorfrancis.com/books/9781351126571
942 _cEBOOK
999 _c1779332
_d1779332